| 000 | 00488nam a22001817a 4500 | ||
|---|---|---|---|
| 003 | NUST - PNEC | ||
| 005 | 20170116180822.0 | ||
| 008 | 150623b xxu||||| |||| 00| 0 eng d | ||
| 020 | _a1584880120 | ||
| 040 | _cLIBRARY | ||
| 082 | _a511.8 BAS | ||
| 100 |
_94159 _aBasmadjian, |
||
| 245 |
_aThe art of modeling in science and engineering _cDiran Basmadjian |
||
| 260 |
_aLondon _bCRC Press _cc1999. |
||
| 300 | _a653 p. : | ||
| 650 |
_94160 _aMathematical models _xME |
||
| 942 |
_2ddc _cBK |
||
| 999 |
_c63768 _d63768 |
||